Fr. Conceicao Rodrigues College of Engineering

Digital Computer Fundamentals (Record no. 27052)

MARC details
000 -LEADER
fixed length control field 00303nam a2200145Ia 4500
082 ## - DEWEY DECIMAL CLASSIFICATION NUMBER
Classification number 5.1
Item number BAR
100 ## - MAIN ENTRY--PERSONAL NAME
Personal name Bartee T.C.
245 ## - TITLE STATEMENT
Title Digital Computer Fundamentals
260 ## - PUBLICATION, DISTRIBUTION, ETC.
Name of publisher, distributor, etc. Mc Graw Hill Int
Date of publication, distribution, etc. 1982
300 ## - PHYSICAL DESCRIPTION
Extent 637
546 ## - LANGUAGE NOTE
Language note ENGLISH
654 ## - SUBJECT ADDED ENTRY--FACETED TOPICAL TERMS
Focus term computer
942 ## - ADDED ENTRY ELEMENTS (KOHA)
Koha item type BOOK
Holdings
Withdrawn status Lost status Damaged status Not for loan Collection Home library Current library Date acquired Total Checkouts Full call number Barcode Date last seen Price effective from Koha item type
        CRC Fr. Agnel's C.Rodrigues College of Engineering Fr. Agnel's C.Rodrigues College of Engineering 17/03/2023   5.1 BAR 11712 17/03/2023 17/03/2023 BOOK